Соціолінгвістичний аспект функціонування політичного мовлення (Запис № 282605)
[ простий вигляд ]
| 000 -LEADER | |
|---|---|
| fixed length control field | 01486nam a22001577a 4500 |
| 041 ## - LANGUAGE CODE | |
| Language code of text/sound track or separate title | ukr |
| 080 ## - UNIVERSAL DECIMAL CLASSIFICATION NUMBER | |
| Universal Decimal Classification number | 09 |
| 090 ## - LOCALLY ASSIGNED LC-TYPE CALL NUMBER (OCLC); LOCAL CALL NUMBER (OCLC) | |
| Local cutter number (OCLC) ; Book number/undivided call number, CALL (RLIN) | САВ |
| 100 ## - MAIN ENTRY--PERSONAL NAME | |
| Personal name | Савицька, Ю. С. |
| 245 ## - TITLE STATEMENT | |
| Title | Соціолінгвістичний аспект функціонування політичного мовлення |
| 260 ## - PUBLICATION, DISTRIBUTION, ETC. (IMPRINT) | |
| Place of publication, distribution, etc | Острог |
| Name of publisher, distributor, etc | КАФ |
| Date of publication, distribution, etc | 2004 |
| 300 ## - PHYSICAL DESCRIPTION | |
| Extent | 67 |
| 520 ## - SUMMARY, ETC. | |
| Summary, etc | Розділ 1. Політична реклама як форма суспільної комунікації<br/>1.1 Політична реклама в суспільному контексті<br/>1.2 Ідеологічна прагматика мови політичної реклами<br/>1.3 Релевантність мовних механізмів та лінгвістичні аспекти впливу на ефективність політичної пропаганди<br/>Розділ 2. Політична лінгвістика та її варіативність<br/>2.1 Лексико-стилістичні засоби у політичних текстах<br/>2.2 Метафора та евфемізми як засоби оптимізації соціальної функції мови в політичних текстах<br/>Розділ 3. Контент-аналіз та інші методи дослідження політичних текстів |
| -- | соціолінгвістика, політична реклама, стилістика |
| 650 ## - SUBJECT ADDED ENTRY--TOPICAL TERM | |
| Topical term or geographic name as entry element | Research Papers |
| 942 ## - ADDED ENTRY ELEMENTS (KOHA) | |
| Koha item type | Книги |
| Withdrawn status | Lost status | Source of classification or shelving scheme | Damaged status | Not for loan | Home library | Current library | Date acquired | Source of acquisition | Coded location qualifier | Cost, normal purchase price | Total Checkouts | Full call number | Barcode | Date last seen | Price effective from | Koha item type |
|---|---|---|---|---|---|---|---|---|---|---|---|---|---|---|---|---|
| Universal Decimal Classification | ВІЛ - Відділ іноземн. літератури НБ | ВІЛ - Відділ іноземн. літератури НБ | 08/08/2005 | Акт | В12 | 1.00 | 09 | 210167 | 15/12/2021 | 16/12/2004 | Книги |